000 00703nam a2200277Ia 4500
005 20260324115325.0
008 008 260324s9999 xx 000 0 eng d
020 _a9780429507564
037 _aEBOOK
040 _aCRL
040 _beng
040 _cCRL
041 _2eng
041 _aeng
084 _qCRL
100 _aKrzysztof Iniewski; Fei Yuan
_91154222
245 0 _aLow Power Circuits for Emerging Applications in Communications, Computing, and Sensing
260 _bTaylor and Francis
260 _c2018
365 _a
365 _b305
856 _uhttp://www.taylorfrancis.com/books/9780429507564
942 _cEBOOK
999 _c1745022
_d1745022